[Event "Master Tournament (MTO)"]
[Site "Biel/Bienne"]
[Date "2018.07.27"]
[Round "5.8"]
[White "Dragun, Kamil"]
[Black "Iniyan, P."]
[Result "1-0"]
[WhiteElo "2594"]
[BlackElo "2451"]
[PlyCount "95"]
[EventDate "2018.07.23"]

1. e4 c5 2. Nf3 d6 3. Bb5+ Nd7 4. Ba4 Ngf6 5. O-O e5 6. d3 Be7 7. c4 O-O 8. h3
Nb6 9. Bc2 h6 10. Nc3 Nh7 11. a3 f5 12. b4 f4 13. Bb2 Nd7 14. bxc5 dxc5 15. Nd5
Bd6 16. Bc3 Ng5 17. Nxg5 Qxg5 18. Qg4 Nf6 19. Qxg5 hxg5 20. Rfb1 Nxd5 21. exd5
Rf7 22. Rb2 Bf5 23. Rab1 Rb8 24. Kf1 Re7 25. Ke2 Kf7 26. Kd2 Bg6 27. Re1 Bf5
28. Bd1 g6 29. Bf3 Rh8 30. Reb1 Bc8 31. Bg4 Bxg4 32. hxg4 Rh4 33. Ke2 Rxg4 34.
Kf3 Rh4 35. Rxb7 g4+ 36. Ke4 Rxb7 37. Rxb7+ Kf6 38. Rd7 Bb8 39. Rd8 Bc7 40. Rc8
f3 41. g3 Rh2 42. Rxc7 Rxf2 43. Bxe5+ Kg5 44. Bf4+ Kf6 45. Be5+ Kg5 46. d6 Re2+
47. Kd5 f2 48. Rf7 1-0

[Event "Master Tournament (MTO)"]
[Site "Biel/Bienne"]
[Date "2018.07.27"]
[Round "5.10"]
[White "Kovchan, Alexander"]
[Black "Nezad, Husein Aziz"]
[Result "1-0"]
[WhiteElo "2572"]
[BlackElo "2425"]
[PlyCount "75"]
[EventDate "2018.07.23"]

1. e4 e5 2. Nf3 Nc6 3. Bb5 a6 4. Ba4 Nf6 5. O-O b5 6. Bb3 Bc5 7. a4 Rb8 8. c3
d6 9. d4 Bb6 10. axb5 axb5 11. Na3 O-O 12. Nxb5 Bg4 13. Bc2 exd4 14. Nbxd4 Nxd4
15. cxd4 Bxf3 16. gxf3 Nh5 17. f4 Qh4 18. Ra3 c5 19. d5 c4 20. Rf3 Ra8 21. e5
Ra1 22. Bf5 g6 23. Rh3 Qe7 24. Rxh5 gxh5 25. Qxh5 f6 26. exd6 Qg7+ 27. Kh1 Kh8
28. Qf3 Bd4 29. Rg1 Rg8 30. Rxg7 Rxg7 31. h4 Rxc1+ 32. Kh2 Rf1 33. d7 Rxd7 34.
Qe4 Rxf2+ 35. Kh3 Rg7 36. Qxd4 Rfg2 37. h5 Rg1 38. Kh4 1-0

[Event "Master Tournament (MTO)"]
[Site "Biel/Bienne"]
[Date "2018.07.27"]
[Round "5.11"]
[White "Moussard, Jules"]
[Black "Prithu, Gupta"]
[Result "1/2-1/2"]
[WhiteElo "2559"]
[BlackElo "2436"]
[PlyCount "51"]
[EventDate "2018.07.23"]

1. e4 c5 2. Nf3 d6 3. d4 cxd4 4. Nxd4 Nf6 5. Nc3 a6 6. Be2 e5 7. Nf3 h6 8. a4
Be7 9. O-O O-O 10. Nd2 Be6 11. Nc4 Nxe4 12. Nxe4 d5 13. Ned2 dxc4 14. Bxc4 Qc8
15. Bxe6 Qxe6 16. c3 Nd7 17. Qb3 Qxb3 18. Nxb3 Nc5 19. Nxc5 Bxc5 20. Re1 Rad8
21. Kf1 Rd5 22. Be3 Bxe3 23. Rxe3 Rfd8 24. Ra3 Rd1+ 25. Re1 R1d2 26. Re2
1/2-1/2

[Event "Master Tournament (MTO)"]
[Site "Biel/Bienne"]
[Date "2018.07.27"]
[Round "5.12"]
[White "Meins, Gerlef"]
[Black "Lampert, Jonas"]
[Result "0-1"]
[WhiteElo "2409"]
[BlackElo "2546"]
[PlyCount "78"]
[EventDate "2018.07.23"]

1. Nf3 d5 2. g3 g6 3. Bg2 Bg7 4. O-O e5 5. d3 Nc6 6. c3 Nge7 7. e4 O-O 8. Na3
h6 9. Nc2 a5 10. exd5 Nxd5 11. d4 e4 12. Ne5 Bf5 13. Nxc6 bxc6 14. Ne3 Nxe3 15.
Bxe3 Qd7 16. Qc2 Rfe8 17. Rfe1 g5 18. b4 Bg6 19. Rab1 Kh7 20. Qe2 f5 21. b5 Qf7
22. Qd2 Rf8 23. bxc6 f4 24. gxf4 gxf4 25. Bxf4 Qxf4 26. Qxf4 Rxf4 27. Rb7 Rf7
28. Bxe4 Bxe4 29. Rxe4 Bf8 30. c4 Bd6 31. c5 Rg8+ 32. Kf1 Bxh2 33. d5 Rgf8 34.
Ke2 Rxf2+ 35. Kd3 Kg6 36. Kc4 Rc2+ 37. Kb5 Rd8 38. d6 cxd6 39. c7 Rxc5+ 0-1

[Event "Master Tournament (MTO)"]
[Site "Biel/Bienne"]
[Date "2018.07.27"]
[Round "5.14"]
[White "Pfreundt, Jakob"]
[Black "Gordievsky, Dmitry"]
[Result "0-1"]
[WhiteElo "2399"]
[BlackElo "2638"]
[PlyCount "108"]
[EventDate "2018.07.23"]

1. d4 Nf6 2. Nf3 g6 3. g3 Bg7 4. Bg2 O-O 5. O-O d6 6. Nc3 c6 7. e4 Bg4 8. h3
Bxf3 9. Bxf3 Nbd7 10. a4 a5 11. Bg5 e5 12. dxe5 Nxe5 13. Be2 Qc7 14. Qd2 Ned7
15. Bf4 Ne8 16. Be3 Nc5 17. Rad1 Qb6 18. b3 Qb4 19. Bd4 Nf6 20. f3 Ne6 21. Bf2
Rad8 22. Nb1 d5 23. Qxb4 axb4 24. exd5 Nxd5 25. Bc4 Ndc7 26. Kg2 Bd4 27. Be1
Bc5 28. Rxd8 Rxd8 29. c3 bxc3 30. Bxc3 b5 31. Bxe6 Nxe6 32. b4 Be7 33. axb5
cxb5 34. Kf2 f5 35. Na3 Nc7 36. Re1 Kf7 37. f4 Nd5 38. Rc1 Rb8 39. Be5 Rb7 40.
Nc2 Nxb4 41. Nxb4 Bxb4 42. Rc6 Be7 43. g4 b4 44. gxf5 gxf5 45. Ke3 b3 46. Bb2
Rb6 47. Rxb6 Bc5+ 48. Kd3 Bxb6 49. Kc4 Ke6 50. Kxb3 Kd5 51. Kc2 Ke4 52. Kd2
Kxf4 53. Ke2 Kg3 54. Be5+ Kg2 0-1

[Event "Master Tournament (MTO)"]
[Site "Biel/Bienne"]
[Date "2018.07.27"]
[Round "5.15"]
[White "Kaasen, Tor Fredrik"]
[Black "Antipov, Mikhail Al"]
[Result "1/2-1/2"]
[WhiteElo "2396"]
[BlackElo "2626"]
[PlyCount "38"]
[EventDate "2018.07.23"]

1. d4 Nf6 2. c4 c6 3. Nf3 d5 4. Qc2 a6 5. g3 Bg4 6. Bg2 e6 7. O-O Nbd7 8. c5
Bxf3 9. Bxf3 e5 10. dxe5 Nxe5 11. Bg2 g6 12. Be3 Bg7 13. Bd4 Ned7 14. Nc3 O-O
15. Rad1 Qc7 16. b4 Rfe8 17. Qb2 Ne5 18. Rfe1 Re7 19. e4 dxe4 1/2-1/2

[Event "Master Tournament (MTO)"]
[Site "Biel/Bienne"]
[Date "2018.07.27"]
[Round "5.16"]
[White "Karthikeyan, Murali"]
[Black "Mamedjarova, Turkan"]
[Result "1-0"]
[WhiteElo "2609"]
[BlackElo "2309"]
[PlyCount "51"]
[EventDate "2018.07.23"]

1. e4 e5 2. Nf3 Nc6 3. Bb5 Nd4 4. Nxd4 exd4 5. O-O Bc5 6. Bc4 d6 7. d3 Be6 8.
Bxe6 fxe6 9. Qh5+ g6 10. Qh3 Qf6 11. Nd2 Ne7 12. Nb3 Bb6 13. Bh6 O-O-O 14. f4
Rde8 15. a4 a5 16. Bg5 Qf7 17. Bxe7 Qxe7 18. Nd2 Bc5 19. Nc4 Bb4 20. Rac1 Kb8
21. c3 Bc5 22. Kh1 Qd7 23. Nxa5 Qxa4 24. Ra1 Qc2 25. Qf3 e5 26. Rf2 1-0

[Event "Master Tournament (MTO)"]
[Site "Biel/Bienne"]
[Date "2018.07.27"]
[Round "5.17"]
[White "Tania, Sachdev"]
[Black "Bartel, Mateusz"]
[Result "1-0"]
[WhiteElo "2393"]
[BlackElo "2604"]
[PlyCount "141"]
[EventDate "2018.07.23"]

1. d4 d6 2. c4 e5 3. Nc3 exd4 4. Qxd4 Nc6 5. Qd2 Nf6 6. b3 Be6 7. e4 a5 8. Bb2
a4 9. Rd1 axb3 10. axb3 g6 11. Nf3 Bg7 12. Be2 O-O 13. O-O Nd7 14. Nd5 Ra2 15.
Nc3 Rxb2 16. Qxb2 Nc5 17. Qc2 g5 18. Nb5 f5 19. Nfd4 Nxd4 20. Nxd4 Bxd4 21.
Rxd4 Qf6 22. Rdd1 b6 23. b4 Nxe4 24. Bd3 Qf7 25. Rc1 Nf6 26. Bxf5 Nh5 27. Bxe6
Qxe6 28. Rce1 Qf6 29. Qe4 Nf4 30. g3 Ng6 31. Qd5+ Kg7 32. Re6 Qf7 33. Re4 Qf3
34. Qd4+ Rf6 35. Qe3 Qf5 36. g4 Qf3 37. Ra1 Ne5 38. Qxf3 Rxf3 39. Ra7 Rf7 40.
c5 bxc5 41. bxc5 Nf3+ 42. Kg2 dxc5 43. Ra3 Nh4+ 44. Kg3 Ng6 45. Rc3 h5 46. Rxc5
h4+ 47. Kg2 Nf4+ 48. Kf1 Nh3 49. Ke1 Rxf2 50. Re3 Rxh2 51. Rxc7+ Kf6 52. Rc6+
Kf7 53. Ra3 Rh1+ 54. Kd2 Rh2+ 55. Ke1 Rh1+ 56. Kd2 Rh2+ 57. Ke3 Rf2 58. Ra7+
Kg8 59. Rc8+ Rf8 60. Rxf8+ Kxf8 61. Ra2 Kf7 62. Ke4 Kf6 63. Ra6+ Kf7 64. Kf5
Kg7 65. Ra2 Kh6 66. Rb2 Ng1 67. Rb6+ Kg7 68. Kxg5 h3 69. Rb7+ Kg8 70. Kf6 h2
71. Rb8+ 1-0

[Event "Master Tournament (MTO)"]
[Site "Biel/Bienne"]
[Date "2018.07.27"]
[Round "5.18"]
[White "Baenziger, Fabian"]
[Black "Aravindh, Chithambaram Vr"]
[Result "0-1"]
[WhiteElo "2382"]
[BlackElo "2580"]
[PlyCount "74"]
[EventDate "2018.07.23"]

1. Nf3 Nf6 2. g3 d5 3. Bg2 e6 4. O-O Be7 5. d3 O-O 6. Nbd2 c5 7. e4 Nc6 8. Re1
b6 9. c3 Qc7 10. e5 Nd7 11. Qe2 b5 12. Nf1 a5 13. Bf4 Ba6 14. h4 Rfc8 15. h5
Qd8 16. Ne3 Nb6 17. h6 g6 18. Ng4 d4 19. Qd2 dxc3 20. bxc3 b4 21. c4 Ra7 22.
Bg5 Nd4 23. Nf6+ Bxf6 24. Bxf6 Nxf3+ 25. Bxf3 Qf8 26. Qg5 Rd7 27. Bg2 Bb7 28.
f4 Bxg2 29. Kxg2 Rcc7 30. f5 Rxd3 31. fxg6 fxg6 32. Rf1 Rf7 33. Bg7 Qa8+ 34.
Kh3 Rdd7 35. Rad1 Rxd1 36. Rxd1 Nd7 37. Qg4 Rf5 0-1

[Event "Master Tournament (MTO)"]
[Site "Biel/Bienne"]
[Date "2018.07.27"]
[Round "5.20"]
[White "Vantika, Agrawal"]
[Black "Lalith, Babu M R"]
[Result "0-1"]
[WhiteElo "2295"]
[BlackElo "2529"]
[PlyCount "54"]
[EventDate "2018.07.23"]

1. d4 Nf6 2. Nf3 e6 3. c4 d5 4. g3 Bb4+ 5. Nbd2 dxc4 6. Bg2 O-O 7. Qc2 b5 8. a4
bxa4 9. O-O a5 10. Ne5 Ra6 11. Ndxc4 Qxd4 12. Rd1 Qc5 13. Rxa4 Qb5 14. b3 Nbd7
15. Bb2 Nc5 16. Ra2 Bb7 17. Bxb7 Qxb7 18. Nd3 Nxd3 19. Qxd3 Nd5 20. Qd4 f6 21.
e4 Nb6 22. Nxb6 Rxb6 23. e5 Qf3 24. exf6 Rd6 25. fxg7 Qxd1+ 26. Qxd1 Rxd1+ 27.
Kg2 Rfd8 0-1

[Event "Master Tournament (MTO)"]
[Site "Biel/Bienne"]
[Date "2018.07.29"]
[Round "6.1"]
[White "Kuljasevic, Davorin"]
[Black "Vaibhav, Suri"]
[Result "1/2-1/2"]
[WhiteElo "2545"]
[BlackElo "2556"]
[PlyCount "35"]
[EventDate "2018.07.23"]

1. d4 d5 2. c4 c6 3. Nf3 Nf6 4. Nc3 e6 5. e3 Nbd7 6. Qc2 Bd6 7. Bd3 O-O 8. O-O
dxc4 9. Bxc4 b5 10. Be2 Bb7 11. Rd1 Qc7 12. Bd2 b4 13. Na4 c5 14. dxc5 a5 15.
Bc3 Nxc5 16. Bxf6 Nxa4 17. Qxa4 gxf6 18. Rac1 1/2-1/2

[Event "Master Tournament (MTO)"]
[White "Iturrizaga Bonelli, Eduardo"]
[Black "Kovchan, Alexander"]
[Site "Biel/Bienne"]
[Round "6.2"]
[Annotator ""]
[Result "1/2-1/2"]
[Date "2018.07.29"]
[WhiteElo "2652"]
[BlackElo "2572"]
[PlyCount "107"]

1. d4 Nf6 2. Nf3 e6 3. c4 a6 4. Nc3 d5 5. c5 b6 6. cxb6 cxb6 7. Bf4 Bd6 8. e3 Bxf4
9. exf4 Qd6 10. g3 Ne4 11. Bd3 Bb7 12. Qe2 Nxc3 13. bxc3 Nd7 14. 0-0 0-0
15. Rfb1 Nf6 16. Rb3 Ne4 17. Qb2 b5 18. a4 Bc6 19. axb5 Bxb5 20. Bxb5 axb5 
21. Rxa8 Rxa8 22. Rxb5 Rc8 23. Rb3 Qc7 24. Kg2 f6 25. Rb7 Qc6 26. Qb4 Re8 
27. Ra7 Kh8 28. Ra3 Rc8 29. Qe7 Qe8 30. Qxe8+ Rxe8 31. Ng1 Kg8 32. f3 Nd6 33. Ra6 Nc4
34. Ne2 Kf7 35. Kf2 Rb8 36. Ra7+ Kf8 37. f5 exf5 38. Nf4 Rb2+ 39. Kg1 Nd2 40. Ne6+ Kg8
41. Rxg7+ Kh8 42. Kf2 Nc4+ 43. Ke1 Rb1+ 44. Ke2 Rb2+ 45. Kd1 Rb1+ 46. Kc2 Rb2+ 47. Kc1 Re2
48. Re7 Kg8 49. Kd1 Re3 50. Kc2 h5 51. f4 Re2+ 52. Kd1 Re3 53. Kc2 Re2+ 54. Kd1 1/2-1/2

[Event "Master Tournament (MTO)"]
[White "Wagner, Dennis"]
[Black "Donchenko, Alexander"]
[Site "Biel/Bienne"]
[Round "6.3"]
[Annotator ""]
[Result "1/2-1/2"]
[Date "2018.07.29"]
[WhiteElo "2558"]
[BlackElo "2588"]
[PlyCount "136"]

1. c4 e6 2. Nc3 d5 3. d4 Bb4 4. a3 Bxc3+ 5. bxc3 Ne7 6. e3 0-0 7. Nf3 c5 8. cxd5 Nxd5
9. Bd3 Qc7 10. c4 Nf6 11. 0-0 Nbd7 12. Bb2 cxd4 13. exd4 b6 14. a4 Bb7 15. Re1 Rfd8
16. Ra3 Rac8 17. Nd2 Qf4 18. Qe2 Qg5 19. f3 Nf8 20. Qe3 Qh4 21. a5 Ng6 22. axb6 axb6
23. Rb3 Nd7 24. g3 Qe7 25. Ba3 Qf6 26. f4 Re8 27. Ne4 Bxe4 28. Qxe4 Qd8 29. Qf3 Ne7
30. Bb2 Nf5 31. Bxf5 exf5 32. Rxe8+ Qxe8 33. Re3 Qd8 34. Qd5 Nf6 35. Qxd8+ Rxd8
36. Rb3 Nd7 37. Kf2 h5 38. Ke2 h4 39. Rb5 Rc8 40. Kd3 hxg3 41. hxg3 g6 42. Ba3 Kg7
43. Rd5 Rc7 44. Rd6 Kh6 45. Bb4 Kh5 46. d5 Kg4 47. Rc6 Ra7 48. d6 Ra8 49. Rc7 Rd8
50. Kd4 Kxg3 51. Bd2 Nf6 52. Ke5 Nd7+ 53. Kd5 Nf6+ 54. Kc6 Rxd6+ 55. Kxd6 Ne4+
56. Kd5 Nxd2 57. Rb7 Kxf4 58. Rxb6 Ne4 59. Rb7 g5 60. Rxf7 g4 61. c5 g3 62. c6 g2
63. c7 g1=Q 64. Rxf5+ Kxf5 65. c8=Q+ Kf4 66. Qf8+ Ke3 67. Qa3+ Kf4 68. Qf8+ Ke3 1/2-1/2

[Event "Master Tournament (MTO)"]
[Site "Biel/Bienne"]
[Date "2018.07.29"]
[Round "6.4"]
[White "Lampert, Jonas"]
[Black "Dragun, Kamil"]
[Result "1/2-1/2"]
[WhiteElo "2546"]
[BlackElo "2594"]
[PlyCount "31"]
[EventDate "2018.07.23"]

1. d4 Nf6 2. c4 e6 3. g3 d5 4. Bg2 dxc4 5. Nf3 c5 6. O-O Nc6 7. dxc5 Qxd1 8.
Rxd1 Bxc5 9. Nbd2 c3 10. bxc3 O-O 11. Nb3 Be7 12. c4 Bd7 13. Bb2 Rfd8 14. Nfd4
Be8 15. Nxc6 Bxc6 16. Bxc6 1/2-1/2

[Event "Master Tournament (MTO)"]
[Site "Biel/Bienne"]
[Date "2018.07.29"]
[Round "6.5"]
[White "Salem, A.R. Saleh"]
[Black "Ikeda, Junta"]
[Result "1-0"]
[WhiteElo "2642"]
[BlackElo "2437"]
[PlyCount "125"]
[EventDate "2018.07.23"]

1. d4 f5 2. c4 Nf6 3. Nc3 d6 4. Bg5 Nbd7 5. Qc2 g6 6. O-O-O c6 7. h4 h6 8. Bxf6
Nxf6 9. Nh3 Qa5 10. Nf4 Rg8 11. h5 g5 12. Ng6 Bd7 13. a3 O-O-O 14. e4 fxe4 15.
Nxe4 Nxe4 16. Qxe4 Bf5 17. Qe3 e5 18. dxe5 Re8 19. Bd3 Bxg6 20. hxg6 Rxe5 21.
Qf3 Qc7 22. Rde1 Bg7 23. Rxe5 dxe5 24. Be4 Rd8 25. Qe2 Qe7 26. Rh3 Qc5 27. Kb1
Rf8 28. Rd3 Rd8 29. Rc3 Rf8 30. Rd3 Rd8 31. Rb3 Kc7 32. Rc3 Rf8 33. Rc2 Rd8 34.
g4 Qd4 35. Ka2 Qd1 36. Qe3 Qd4 37. Qf3 Rf8 38. Qe2 Rd8 39. f3 Qd1 40. Qe3 Qd4
41. Qe1 Qc5 42. b4 Qd4 43. b5 c5 44. Qa5+ Kb8 45. b6 a6 46. Qe1 Rd6 47. Qc1 Qd1
48. Qxd1 Rxd1 49. a4 Rd4 50. a5 Kc8 51. Kb3 Kb8 52. Rc3 Bf6 53. Rd3 Kc8 54.
Rxd4 exd4 55. Kc2 Bg7 56. Kd3 Bf6 57. Bd5 Bg7 58. Ke4 Bh8 59. f4 gxf4 60. Kxf4
Bg7 61. Kf5 Kd7 62. Bxb7 d3 63. Bf3 1-0

[Event "Master Tournament (MTO)"]
[Site "Biel/Bienne"]
[Date "2018.07.29"]
[Round "6.6"]
[White "Lalith, Babu M R"]
[Black "Eljanov, Pavel"]
[Result "1/2-1/2"]
[WhiteElo "2529"]
[BlackElo "2706"]
[PlyCount "71"]
[EventDate "2018.07.23"]

1. d4 Nf6 2. Nf3 b6 3. c4 Bb7 4. g3 g6 5. Bg2 Bg7 6. O-O O-O 7. Nc3 Ne4 8. Qc2
Nxc3 9. Qxc3 c5 10. Be3 d6 11. Qd2 e5 12. dxe5 dxe5 13. Rad1 Qxd2 14. Nxd2 Bxg2
15. Kxg2 Nc6 16. Ne4 f5 17. Nc3 e4 18. Rc1 Rad8 19. b3 Bxc3 20. Rxc3 Nd4 21.
Re1 Kg7 22. f3 h6 23. fxe4 fxe4 24. g4 g5 25. Rcc1 Kg6 26. Rc3 Ne6 27. Bc1 Nf4+
28. Kg3 h5 29. gxh5+ Nxh5+ 30. Kg2 Nf4+ 31. Kh1 Rf5 32. Re3 Re5 33. Rg3 Nh5 34.
Rg4 Nf6 35. Rg3 Rh8 36. Kg2 1/2-1/2

[Event "Master Tournament (MTO)"]
[Site "Biel/Bienne"]
[Date "2018.07.29"]
[Round "6.9"]
[White "Prithu, Gupta"]
[Black "Aravindh, Chithambaram Vr"]
[Result "0-1"]
[WhiteElo "2436"]
[BlackElo "2580"]
[PlyCount "106"]
[EventDate "2018.07.23"]

1. Nf3 Nf6 2. c4 e6 3. b3 d5 4. e3 Be7 5. Bb2 O-O 6. Nc3 b6 7. d4 Bb7 8. Bd3 c5
9. O-O cxd4 10. Nxd4 dxc4 11. Bxc4 Nc6 12. Nxc6 Bxc6 13. Qxd8 Rfxd8 14. Rfd1
Ne8 15. Rxd8 Rxd8 16. Rd1 Nd6 17. Be2 f5 18. g4 g6 19. gxf5 gxf5 20. Bh5 Kf8
21. Ne2 Ne4 22. Rxd8+ Bxd8 23. Bf3 Ke7 24. Nd4 Bd5 25. Be2 Kd7 26. Bb5+ Kc7 27.
Bd3 Nd6 28. Ne2 Kd7 29. Nf4 Bc6 30. Be2 a5 31. Nd3 Bd5 32. Ne5+ Kc7 33. Bd4 a4
34. bxa4 Bxa2 35. Bf3 Ne4 36. Nd3 Bb3 37. Be5+ Kc8 38. Bxe4 fxe4 39. Nb2 Kb7
40. Kf1 Kc6 41. Ke2 Kd5 42. Bd4 Bc7 43. h3 h5 44. Kd2 e5 45. Bc3 Kc5 46. Ke2
Be6 47. h4 Bc4+ 48. Ke1 Ba6 49. Nd1 Kc4 50. Ba1 Bd6 51. Kf1 Kb3+ 52. Kg1 Ka2
53. Bb2 Kb1 0-1

[Event "Master Tournament (MTO)"]
[Site "Biel/Bienne"]
[Date "2018.07.29"]
[Round "6.10"]
[White "Baklan, Vladimir"]
[Black "Flom, Gabriel"]
[Result "1/2-1/2"]
[WhiteElo "2595"]
[BlackElo "2515"]
[PlyCount "182"]
[EventDate "2018.07.23"]

1. e4 c5 2. Nf3 e6 3. d4 cxd4 4. Nxd4 a6 5. Nc3 Qc7 6. Qd3 Nf6 7. Qg3 d6 8. Bd3
Nbd7 9. O-O b5 10. Re1 Bb7 11. Bd2 Ne5 12. a4 bxa4 13. Rxa4 g6 14. Rea1 Qc8 15.
Nf3 Nfd7 16. Nxe5 Nxe5 17. f4 Nxd3 18. cxd3 Be7 19. f5 O-O 20. Bh6 Re8 21. Rf1
exf5 22. exf5 Qc5+ 23. Kh1 Bf8 24. Bxf8 Rxf8 25. Ne4 Bxe4 26. Rxe4 Rae8 27.
Ref4 Re3 28. Qg4 Qd5 29. d4 Rfe8 30. h3 Re1 31. f6 Rxf1+ 32. Rxf1 h6 33. Rf2
Qe4 34. Rf4 Qe6 35. Qxe6 Rxe6 36. d5 Re5 37. Ra4 Rxd5 38. Rxa6 g5 39. b4 Kh7
40. b5 Kg6 41. b6 Rb5 42. b7 Rxb7 43. Rxd6 h5 44. g3 Rb2 45. Kg1 Kf5 46. Ra6
Rd2 47. Ra5+ Kg6 48. Rb5 Rd6 49. Kg2 Rxf6 50. g4 Rf4 51. Kg3 Rd4 52. Rb8 Kg7
53. Rb3 h4+ 54. Kg2 Kf6 55. Rb8 Rd2+ 56. Kg1 Rd7 57. Rf8 Kg6 58. Ra8 f6 59. Ra2
Kf7 60. Kg2 Rd8 61. Re2 Rd6 62. Kh2 Re6 63. Ra2 Re4 64. Kg2 Ke6 65. Ra8 Ke5 66.
Ra5+ Kd4 67. Ra4+ Ke3 68. Ra6 Rf4 69. Ra3+ Ke4 70. Ra4+ Ke5 71. Ra8 Ke6 72.
Ra6+ Kf7 73. Ra7+ Kg6 74. Rb7 Rc4 75. Ra7 Rc6 76. Rb7 f5 77. gxf5+ Kxf5 78.
Rb5+ Kf6 79. Ra5 Rc2+ 80. Kg1 Re2 81. Rb5 Re5 82. Rb8 Kf5 83. Rd8 Ke4 84. Kg2
Ke3 85. Ra8 Rd5 86. Ra3+ Ke4 87. Ra4+ Rd4 88. Rxd4+ Kxd4 89. Kf3 Ke5 90. Kg4
Kf6 91. Kf3 Kf7 1/2-1/2

[Event "Master Tournament (MTO)"]
[Site "Biel/Bienne"]
[Date "2018.07.29"]
[Round "6.11"]
[White "Michalik, Peter"]
[Black "Bilguun, Sumiya"]
[Result "0-1"]
[WhiteElo "2562"]
[BlackElo "2490"]
[PlyCount "100"]
[EventDate "2018.07.23"]

1. e4 c5 2. Nf3 e6 3. d4 cxd4 4. Nxd4 a6 5. Be3 Nf6 6. Bd3 Qc7 7. O-O h5 8. h3
b6 9. c4 Bb7 10. Nc3 d6 11. Rc1 Nbd7 12. f4 Nc5 13. f5 e5 14. Nb3 Be7 15. Nd5
Qd8 16. Nxc5 bxc5 17. Qe1 Bxd5 18. cxd5 Qb8 19. Rc3 O-O 20. Bc1 Nh7 21. Qe2 h4
22. Bxa6 Qd8 23. a4 Bg5 24. Bb5 Bxc1 25. Rfxc1 g6 26. Qg4 Kh8 27. Rf1 Rg8 28.
f6 g5 29. Qd7 Qxd7 30. Bxd7 Rg6 31. Bf5 Rgg8 32. Bd7 Rg6 33. Rcf3 Ra7 34. Bc6
g4 35. Rb3 Nxf6 36. hxg4 Kg7 37. Ra1 Rxg4 38. a5 c4 39. Rb7 Ra6 40. Bb5 Ra8 41.
Bxc4 h3 42. Bf1 Rh8 43. Rb3 Nxe4 44. Rf3 h2+ 45. Kh1 Rf4 46. Bc4 Rxf3 47. gxf3
Nf2+ 48. Kg2 h1=Q+ 49. Rxh1 Rxh1 50. Bf1 Rh4 0-1

[Event "Master Tournament (MTO)"]
[Site "Biel/Bienne"]
[Date "2018.07.29"]
[Round "6.12"]
[White "Arjun, Kalyan"]
[Black "Moussard, Jules"]
[Result "1/2-1/2"]
[WhiteElo "2370"]
[BlackElo "2559"]
[PlyCount "90"]
[EventDate "2018.07.23"]

1. e4 d6 2. d4 Nf6 3. Bd3 g6 4. Nf3 Bg7 5. c3 O-O 6. O-O Nc6 7. d5 Nb8 8. h3 c6
9. c4 e6 10. dxe6 Bxe6 11. Nd4 Re8 12. Nc3 Nbd7 13. Nxe6 Rxe6 14. Bc2 Nc5 15.
Re1 Qb6 16. Rb1 Rae8 17. Bf4 Nfxe4 18. Nxe4 Nxe4 19. Rxe4 Rxe4 20. Bxe4 Rxe4
21. Qxd6 h5 22. Be3 Qa6 23. Qb8+ Kh7 24. Qxa7 Qxa7 25. Bxa7 Rxc4 26. b3 Rc2 27.
a4 g5 28. Be3 Kg6 29. g4 f5 30. gxf5+ Kxf5 31. Rd1 Ke6 32. Rd3 Bf6 33. Kg2 Be7
34. Kf3 Rb2 35. Ke4 Re2 36. Rd1 Rb2 37. Rd3 Rb1 38. f4 Re1 39. Kf3 gxf4 40.
Bxf4 Bc5 41. Bg3 Rh1 42. h4 Kf5 43. Rd7 b6 44. Rh7 Kg6 45. Rc7 Kf5 1/2-1/2

[Event "Master Tournament (MTO)"]
[Site "Biel/Bienne"]
[Date "2018.07.29"]
[Round "6.13"]
[White "Aryan, Chopra"]
[Black "Kaczmarczyk, Dennis"]
[Result "1-0"]
[WhiteElo "2536"]
[BlackElo "2444"]
[PlyCount "77"]
[EventDate "2018.07.23"]

1. e4 e6 2. d4 d5 3. Nc3 Nf6 4. e5 Nfd7 5. f4 c5 6. Nf3 Nc6 7. Be3 cxd4 8. Nxd4
Qb6 9. Qd2 Qxb2 10. Rb1 Qa3 11. Bb5 Nxd4 12. Bxd4 a6 13. Bxd7+ Bxd7 14. Rb3 Qe7
15. Rxb7 Rc8 16. O-O Qd8 17. f5 exf5 18. Rfb1 Bc5 19. Nxd5 Bb5 20. Bxc5 Rxc5
21. Rd1 Rxd5 22. Qxd5 Qxd5 23. Rxd5 Bc6 24. Rb8+ Ke7 25. Rxh8 Bxd5 26. Rxh7 g6
27. a3 Ke6 28. Rh8 Kxe5 29. Kf2 f4 30. h4 Kd4 31. Rc8 Be4 32. c4 Bf5 33. Rc7
Be6 34. Kf3 Ke5 35. Rc5+ Kd4 36. Ra5 Bxc4 37. Kxf4 Be2 38. Kg5 Bd3 39. Kf6 1-0

[Event "Master Tournament (MTO)"]
[Site "Biel/Bienne"]
[Date "2018.07.29"]
[Round "6.14"]
[White "Romanov, Evgeny"]
[Black "Tania, Sachdev"]
[Result "1-0"]
[WhiteElo "2636"]
[BlackElo "2393"]
[PlyCount "61"]
[EventDate "2018.07.23"]

1. d4 Nf6 2. Bg5 d5 3. e3 Nbd7 4. Nf3 g6 5. Nbd2 Bg7 6. b4 O-O 7. Be2 c6 8. O-O
Re8 9. c4 e5 10. h3 Qb6 11. Rb1 Ne4 12. c5 Qc7 13. Nxe4 dxe4 14. Nd2 exd4 15.
Bf4 Qd8 16. exd4 Nf6 17. Nc4 Nd5 18. Bd2 Bxd4 19. Rb3 b6 20. Nd6 Re6 21. Qc2 f5
22. Rd1 Be5 23. b5 bxc5 24. Nxc8 Rxc8 25. bxc6 Rexc6 26. Bc4 Rd6 27. Bc3 Bxc3
28. Qxc3 Qd7 29. Qe5 Rd8 30. Rxd5 Rxd5 31. Rb8 1-0

[Event "Master Tournament (MTO)"]
[White "Antipov, Mikhail Al."]
[Black "Krishna, C."]
[Site "Biel/Bienne"]
[Round "6.15"]
[Annotator ""]
[Result "1-0"]
[Date "2018.07.29"]
[WhiteElo "2626"]
[BlackElo "2399"]
[PlyCount "75"]

1. d4 f5 2. c4 Nf6 3. Nc3 d6 4. h4 e6 5. h5 Be7 6. h6 g6 7. Bg5 0-0 8. e3 Nbd7
9. Be2 c6 10. f4 e5 11. fxe5 dxe5 12. Qd2 exd4 13. exd4 Nb6 14. Nf3 Be6 15. Ne5 Ng4
16. Bxe7 Qxe7 17. Bxg4 fxg4 18. b3 a5 19. c5 Nd7 20. Qe3 Nxe5 21. dxe5 Rad8
22. Rd1 Bd5 23. Nxd5 cxd5 24. Rf1 Rfe8 25. Kd2 d4 26. Qf4 Rf8 27. Qxg4 Qxc5
28. Rxf8+ Rxf8 29. Qe6+ Kh8 30. Rc1 Qa3 31. Qd7 Qxa2+ 32. Rc2 Rf2+ 33. Ke1 Rf1+
34. Kxf1 Qb1+ 35. Kf2 Qxc2+ 36. Kg3 Qxb3+ 37. Kh2 Qg8 38. Qe7 1-0

[Event "Master Tournament (MTO)"]
[Site "Biel/Bienne"]
[Date "2018.07.29"]
[Round "6.16"]
[White "Indjic, Aleksandar"]
[Black "Kaasen, Tor Fredrik"]
[Result "1-0"]
[WhiteElo "2599"]
[BlackElo "2396"]
[PlyCount "107"]
[EventDate "2018.07.23"]

1. d4 d5 2. c4 e6 3. Nc3 Be7 4. cxd5 exd5 5. Bf4 Nf6 6. e3 Bf5 7. h3 O-O 8. g4
Be6 9. Bd3 c5 10. Nge2 Nc6 11. a3 Re8 12. Rc1 Rc8 13. O-O a6 14. Bg3 Bd6 15.
Bh4 cxd4 16. exd4 h6 17. f4 Be7 18. Bf2 Na5 19. f5 Bd7 20. Nf4 Bd6 21. Qf3 Nb3
22. Rcd1 Bxa3 23. Ncxd5 Bxb2 24. Nxf6+ Qxf6 25. Qxb7 Bb5 26. Bxb5 axb5 27. Rb1
Nxd4 28. Rxb2 Nf3+ 29. Qxf3 Qxb2 30. Nd5 Rc2 31. f6 g5 32. Ne7+ Kh8 33. Qd5 Rf8
34. Qd6 Ra8 35. Ng6+ Kg8 36. Qd5 Qa2 37. Ne7+ Kh8 38. Qxb5 Qa3 39. Qd5 Rf8 40.
Qe4 Rc3 41. h4 Qb3 42. hxg5 hxg5 43. Kg2 Rh3 44. Nf5 Rd8 45. Rb1 Qa3 46. Rd1
Ra8 47. Nd6 Kg8 48. Nxf7 Kxf7 49. Qd5+ Kg6 50. Qf5+ Kh6 51. Rd7 Rh2+ 52. Kxh2
Qh3+ 53. Kxh3 Ra3+ 54. Qd3 1-0

[Event "Master Tournament (MTO)"]
[Site "Biel/Bienne"]
[Date "2018.07.29"]
[Round "6.18"]
[White "Aeschbach, Philipp"]
[Black "Zoler, Dan"]
[Result "0-1"]
[WhiteElo "2298"]
[BlackElo "2506"]
[PlyCount "144"]
[EventDate "2018.07.23"]

1. c4 c5 2. g3 g6 3. Bg2 Bg7 4. Nc3 Nc6 5. Nf3 d6 6. O-O e6 7. a3 Nge7 8. Rb1
b6 9. d3 Bb7 10. Bd2 h6 11. b4 Qd7 12. e3 O-O 13. Qe2 f5 14. Rfd1 g5 15. b5 Nd8
16. a4 Ng6 17. a5 g4 18. Ne1 Bxg2 19. Kxg2 Nf7 20. Na4 h5 21. f4 h4 22. e4 Rab8
23. Nc2 e5 24. exf5 exf4 25. Qe6 Qxe6 26. fxe6 f3+ 27. Kf2 Nfe5 28. Bc3 hxg3+
29. hxg3 Rfe8 30. Ne3 Rxe6 31. d4 Nf7 32. dxc5 dxc5 33. Bxg7 Kxg7 34. Nxg4 Re2+
35. Kxf3 Ra2 36. Nb2 Rxa5 37. Ra1 Rxa1 38. Rxa1 Rb7 39. Ne3 Kf6 40. Nd3 Rd7 41.
Nd5+ Kg5 42. Re1 Nd6 43. Ne5 Nxe5+ 44. Rxe5+ Kg6 45. Nf4+ Kf6 46. Rd5 Nxc4 47.
Rxd7 Ne5+ 48. Ke4 Nxd7 49. Kd5 Ne5 50. Ne6 Nd3 51. Nd8 Nb4+ 52. Kc4 Ke7 53. Nb7
Kd7 54. g4 Nc2 55. Nxc5+ bxc5 56. Kxc5 Kc7 57. g5 Ne1 58. Kd5 Nd3 59. Ke4 Nc5+
60. Kd5 Nd7 61. g6 Nf6+ 62. Ke5 Nh5 63. Kf5 Kd6 64. Kg5 Ng7 65. Kf6 Ne6 66. Kf7
Kd7 67. Kf6 Nf4 68. Kf5 Nh5 69. Kg5 Ng7 70. Kf6 Ne6 71. Kf7 Kd6 72. Kf6 Nf4 0-1